• 首页
  • 本馆介绍
  • 公告通知
  • 最新文献
  • 馆藏检索
  • 电子资源
  • 读者导购
  • 参考咨询
  • 我的图书馆
  • 登录
  • 详细信息显示
  • 放入我的书架
  • 预约/预借图书
  • 作者相关作品
  • 分类相关作品
  • 丛书相关作品
  • 出版社相关作品

书目信息

  • 表格格式
  • 工作单格式
  • 卡片格式
题名:
公司战略管理
    
 
作者: 林丹明 , 曾楚宏 主编
分册:  
出版信息: 北京   中国人民大学出版社  2006
页数: 338页
开本: 23cm
丛书名:
单 册:
中图分类: F276. 6
科图分类:
主题词: 公司--企业管理--教材 , 公司
电子资源:
ISBN: 7-300-05811-6
000 00976nam0 2200277 450
000 00986nam0 2200277 450
000 00916nam0 2200253 450
000 00880oam2 2200241 45
005 20070725160302.09
010    @a7-300-05811-6@dCNY25.00
100    @a20070626d2006 em y0chiy0120 ea
101 0  @achi
102    @aCN@b110000
105    @ay z 000yy
200 1  @a公司战略管理@AGong Si Zhan Lue Guan Li@f林丹明,曾楚宏主编@FLin Dan Ming, Zeng Chu Hong Zhu Bian
210    @a北京@c中国人民大学出版社@d2006
215    @a338页@d23cm
300    @a简明工商管理课程教材@f李善民总主编
330    @a本书结合近年来公司战略理论的发展情况,结合大量实践事例,对战略管理概论,企业外部环境分析,职能战略,及经营业务战略等内容作了论述。
606 0  @a公司@x企业管理@j教材
606 0  @a公司
690    @aF276. 6@v4
701  0 @a林丹明@ALin Dan Ming@c(副教授)@4主编
701  0 @a曾楚宏@AZeng Chu Hong@4主编
801  0 @aCN@bTAOJIN@c20070725
905    @a10447@dF276. 6@e652
    
    公司战略管理/林丹明,曾楚宏主编.-北京:中国人民大学出版社,2006
    338页;23cm
    简明工商管理课程教材
    
    ISBN 7-300-05811-6:CNY25.00
    本书结合近年来公司战略理论的发展情况,结合大量实践事例,对战略管理概论,企业外部环境分析,职能战略,及经营业务战略等内容作了论述。
●
相关链接 在E读中查询图书 在五车中查询图书 在当当中查询图书 在豆瓣中查询图书


正题名:公司战略管理     索取号:F276. 6/652         预约/预借

序号 登录号 条形码 馆藏地/架位号 状态 备注
1 0826043   208260433   第一样本阅览室/ [索取号:F276. 6/652] 在馆    
2 0826044   208260442   第一借阅区/ [索取号:F276. 6/652] 在馆    
3 0826045   208260451   密集书库/ [索取号:F276. 6/652] 在馆    
4 0826046   208260460   第一借阅区/ [索取号:F276. 6/652] 在馆    
5 0826047   208260479   第一借阅区/ [索取号:F276. 6/652] 在馆    
6 0826048   208260488   第一借阅区/ [索取号:F276. 6/652] 在馆    
7 0826049   208260497   密集书库/ [索取号:F276. 6/652] 在馆    
8 0826050   208260503   密集书库/ [索取号:F276. 6/652] 在馆    
唐山师范学院图书馆 欢迎您!
大连网信软件有限公司© 版权所有